Statistics for South African Springbok starting 15 in the 2023 rugby world cup

Click here to take the quiz!

General Stats

  • This quiz has been taken 35 times
  • The average score is 12 of 15

Answer Stats

HintAnswer% Correct
lock (4)Eben Etzebeth
91%
scrumhalffaf de klerk
91%
flyhalfManie Libbok
87%
hookerBongi Mbonambi
83%
inside centerDamian de Allende
83%
fullbackDamian Willemse
83%
8Duane Vermeulen
83%
outside centerJesse Kriel
83%
lock (5)Franco Mostert
78%
loosehead propsteven kitshoff
78%
right wingerKurt-Lee Arendse
74%
tighthead propFrans Malherbe
70%
openside flankerPieter-Steph du Toit
70%
blindside flankerSiya Kolisi
70%
left wingerCheslin Kolbe
65%

Score Distribution

Percentile by Number Answered

Percent of People with Each Score

Your Score History

You have not taken this quiz